Automatizácia meracieho pracoviska jednosmerných (DC) a vysokofrekvenčných (HF) meraní = Desing and realisation of computer controlled measurement systems for the evaluation of direct-current (DC) and High-frequency (HF) paremeters of ... : Dipl.práca
Uložené v:
| Hlavný autor: | |
|---|---|
| Ďalší autori: | , , |
| Médium: | Rukopis Kniha |
| Vydavateľské údaje: |
Bratislava :
STU v Bratislave FEI,
1999
|
| Predmet: | |
| Tagy: |
Žiadne tagy, Buďte prvý, kto otaguje tento záznam!
|
MARC
| LEADER | 00000ntm a22000003a 4500 | ||
|---|---|---|---|
| 001 | stu50348 | ||
| 005 | 20150617225705.7 | ||
| 008 | 990720s1999----------------------------d | ||
| 040 | |a STU |b slo | ||
| 041 | 0 | ||
| 100 | 1 | |a Kulikov, Valentin |4 aut |u E210 |U FEI Fakulta elektrotechniky a informatiky |T FEI Katedra mikroelektroniky |U E210 |Y 68 | |
| 245 | 1 | |a Automatizácia meracieho pracoviska jednosmerných (DC) a vysokofrekvenčných (HF) meraní = Desing and realisation of computer controlled measurement systems for the evaluation of direct-current (DC) and High-frequency (HF) paremeters of ... : |b Dipl.práca | |
| 260 | |a Bratislava : |b STU v Bratislave FEI, |c 1999 | ||
| 650 | 7 | |a elektronika |2 stusub | |
| 700 | 1 | |a Donoval, Daniel, |d 1953- |4 ths |u E030 |U FEI Fakulta elektrotechniky a informatiky |T FEI Ústav elektroniky a fotoniky |X 2039 |U E030 |Y 549 |7 A000002039 | |
| 700 | 1 | |a Kordoš, Peter, |d 1939- |4 ths |u E030 |U FEI Fakulta elektrotechniky a informatiky |T FEI Ústav elektroniky a fotoniky |X 4897 |U E030 |Y 549 |7 A000004897 | |
| 700 | 1 | |a Marso, Michel |4 ths | |